000
00440nam a2200145Ia 4500
008
090124s9999 xx 000 0 und d
082
_b
6316
_a
442
245
_a
गनिमी सैनिक ते आम्हीच
250
_a
1
260
_c
1942
300
_a
72
630
_a
गनिमी सैनिक ते आम्हीच
730
_a
गनिमी सैनिक ते आम्हीच
942
_c
BOOK
999
_c
120257
_d
120257